UK Towns Quiz - Shropshire - Statistics

General Stats
  • This quiz has been taken 240 times
  • The average score is 14 of 37
Answer Stats
Clue Population Town % Correct
S 75,992 Shrewsbury
99%
T 156,896 Telford
97%
O 17,509 Oswestry
88%
L 10,039 Ludlow
74%
B 12,182 Bridgnorth
61%
N 14,182 Newport
61%
W 9,855 Whitchurch
59%
C 3,576 Church Stretton
57%
M 12,066 Market Drayton
57%
W 6,285 Wem
51%
C 2,565 Craven Arms
46%
S 8,984 Shifnal
45%
E 4,275 Ellesmere
44%
M 1,765 Much Wenlock
38%
A 6,988 Albrighton
35%
B 1,847 Bishops Castle
35%
C 2,962 Cleobury
34%
G 3,048 Gobowen
34%
P 1,011 Prees
31%
P 1,224 Prees higher Heath
31%
B 5,600 Broseley
27%
S 1,959 Shawbury
27%
B 5,226 Bayston Hill
25%
P 1,966 Pontesbury
25%
B 2,008 Baschurch
23%
P 1,172 Pant
23%
M 1,721 Minsterley
21%
S 2,693 St Martins
21%
H 3,307 Highley
19%
L 1,039 Llanymynech
19%
W 1,382 Weston Rhyn
18%
H 1,257 Hanwood
17%
W 1,614 Whittington
16%
B 1,362 Bomere heath
15%
M 1,974 Morda
15%
E 1,561 Edgmond
10%
A 1,507 Alveley
9%
No matching quizzes found
Score Distribution
Percent of People with Each Score
Percentile by Number Answered
Your Score History
You have not taken this quiz